30 Second Tourist: London Quiz Stats

Quiz Updated Nov 3, 2014

Also try: London Underground
Challenge
Share
Tweet
Score 0/13 Timer 00:30
3 Plays Today
% Correct
Big
95.5%
Buckingham
94.7%
Hyde
86%
Piccadilly
82.6%
St Paul's
81.5%
Tower of
81.2%
Trafalgar
76.7%
King's Cross
74.8%
Shakespeare's
67.6%
Royal Albert
65.8%
British
62%
Cutty
61.5%
Nelson's
57.6%

You're not logged in!

Compare scores with friends on all Sporcle quizzes.
Join for Free
OR
Log In

You Might Also Like...

Show Comments

Extras

Top Quizzes Today


Score Distribution

Your Account Isn't Verified!

In order to create a playlist on Sporcle, you need to verify the email address you used during registration. Go to your Sporcle Settings to finish the process.

Report this User

Report this user for behavior that violates our Community Guidelines.

Details: